Avengers by Hint #1 - Statistics

General Stats
  • This quiz has been taken 60 times
  • The average score is 11 of 15
Answer Stats
Hint Avenger % Correct
Has a shield made from vibranium. Captain America
100%
The King of Wakanda. Black Panther
94%
A talking raccoon with an unusual obsession with other peoples' artificial body parts. Rocket Raccoon
94%
An android powered by the Mind Stone. Vision
94%
A girl who was adopted by Thanos after half of her planet was killed by him. Gamora
90%
Brainwashed by Loki in Avengers. Hawkeye
73%
Sacrificed himself in the Battle of Sokovia. Quicksilver
71%
Once was a part of the Red Room. Black Widow
69%
I am _____. Groot
65%
A sentient pile of rocks that was enslaved by the Grandmaster. Korg
65%
Nearly dies in Avengers: Civil War after he is hit by a wayward beam from Vision's Mind Stone. War Machine
63%
Kidnapped by the Kree Empire after absorbing power from the Tesseract. Captain Marvel
61%
A talking duck once owned by the Collector. Howard the Duck
57%
Leader of the Dora Milaje. Okoye
57%
An insectoid who is the best friend of the previous. Miek
43%
No matching quizzes found
Score Distribution
Percent of People with Each Score
Percentile by Number Answered
Your Score History
You have not taken this quiz